Instructor's manual to accompany Economics / (Record no. 866)

MARC details
000 -LEADER
fixed length control field 00396cam a22001454a 4500
020 ## - INTERNATIONAL STANDARD BOOK NUMBER
ISBN 0072317930 (alk. paper)
050 00 - CALL NUMBER
Classification number HB171.5
Item number .C788
100 1# - AUTHOR
Personal name Adams, Thomas J.
245 10 - TITLE
Title Instructor's manual to accompany Economics /
Statement of responsibility, etc Thomas J. Adams
250 ## - EDITION
Edition statement 4th ed.
260 ## - PUBLICATION INFORMATION
Place of publication Boston, Mass. :
Name of publisher Irwin/McGraw-Hill
Year of publication 2001.
300 ## - DESCRIPTION
Number of Pages 774 pages
Other physical details ill. ;
650 #0 - SUBJECTS
Topical Term Economics.
942 ## - ADDED ENTRY ELEMENTS (KOHA)
Koha item type Books
Holdings
Withdrawn status Lost status Home library Current library Date acquired Full call number Accession Number Koha item type
    Methodist University Library Wenchi Faculty Methodist University Library Wenchi Faculty 14/11/2017 HB171.5 .C788 21466 Books
Copyright © 2026  MUG Library